Southville International School and Colleges
Your cart is empty.
  • Cart
  • Lists
    Public lists Eva Luna New books Lux_list list_1
    Your lists Log in to create your own lists
  • Log in to your account
  • Your cookies
  • Search history
Southville International School and Colleges
  • Advanced search
  • Recent comments
  • Most popular
  • Libraries

Log in to your account

Log in with GOOGLE


If you do not have an external account, but do have a local account, you can still log in:

  1. Home
  2. MARC view: Accounting in the lean enterprise :
Normal view MARC view ISBD view

Accounting in the lean enterprise : (Record no. 48240)

[ view plain ]
MARC details
000 -LEADER
fixed length control field 00734nam a2200205Ia 4500
008 - FIXED-LENGTH DATA ELEMENTS--GENERAL INFORMATION
fixed length control field 140321s9999 xx 000 0 und d
020 ## - INTERNATIONAL STANDARD BOOK NUMBER
International Standard Book Number 9781420088588
050 ## - LIBRARY OF CONGRESS CALL NUMBER
Classification number HF 5686.M3
Item number .M39 2013
100 ## - MAIN ENTRY--PERSONAL NAME
Personal name Mcvay, Gloria
245 ## - TITLE STATEMENT
Title Accounting in the lean enterprise :
Remainder of title providing simple, practical, and decision-relevant Information /
Statement of responsibility, etc Gloria McVay, Frances Kennedy and Rosemary Fullerton.
260 ## - PUBLICATION, DISTRIBUTION, ETC. (IMPRINT)
Place of publication, distribution, etc New York :
Name of publisher, distributor, etc CRC Press, Taylor and Francis,
Date of publication, distribution, etc c2013.
300 ## - PHYSICAL DESCRIPTION
Extent 184 p. :
Other physical details ill. ;
Dimensions 28 cm.
500 ## - GENERAL NOTE
General note Includes bibliographical references and index.
521 ## - TARGET AUDIENCE NOTE
Target audience note
650 ## - SUBJECT ADDED ENTRY--TOPICAL TERM
Topical term or geographic name as entry element Cost control.
650 ## - SUBJECT ADDED ENTRY--TOPICAL TERM
Topical term or geographic name as entry element Lean manufacturing
General subdivision Accounting.
650 ## - SUBJECT ADDED ENTRY--TOPICAL TERM
Topical term or geographic name as entry element Managerial accounting.
942 ## - ADDED ENTRY ELEMENTS (KOHA)
Call number prefix Foreign
Koha item type Books
Holdings
Withdrawn status Lost status Damaged status Home library Current library Shelving location Date acquired Total Checkouts Full call number Barcode Date last seen Price effective from Koha item type
      College Library College Library Reserve Section 03/21/2014   HF 5686.M3 .M39 2013 C17523 05/15/2018 03/21/2014 Books

Accounting in the lean enterprise :

APA

Mcvay G., . (2013). Accounting in the lean enterprise. New York: CRC Press, Taylor and Francis.

Chicago

Mcvay Gloria, . 2013. Accounting in the lean enterprise. New York: CRC Press, Taylor and Francis.

Harvard

Mcvay G., . (2013). Accounting in the lean enterprise. New York: CRC Press, Taylor and Francis.

MLA

Mcvay Gloria, . Accounting in the lean enterprise. New York: CRC Press, Taylor and Francis. 2013.

  • Place hold
  • Print
  • Cite
  • Add to your cart (remove)
  • Save record
    BIBTEX Dublin Core MARCXML MARC (non-Unicode/MARC-8) MARC (Unicode/UTF-8) MARC (Unicode/UTF-8, Standard) MODS (XML) RIS
  • More searches
    Search for this title in:
    Other Libraries (WorldCat) Other Databases (Google Scholar) Online Stores (Bookfinder.com) Open Library (openlibrary.org)

Exporting to Dublin Core...

SOUTHVILLE LIBRARY

Southville International School and Colleges Library

1281 Tropical Ave. Cor. Luxembourg St., BF Homes International, Las Pinas City

Tel. No. 8256374 / 252358 Loc. 117/146

Powered by Koha